| Tag |
First Indicator |
Second Indicator |
Subfields |
| LEADER |
00000cam a2200000 a 4500 |
| 001 |
in00000018422 |
| 005 |
20151007053234.0 |
| 008 |
880616s1988 xx b 00010 eng d |
| 035 |
|
|
|a (OCoLC)18098477
|
| 035 |
|
|
|9 AAB0913AM
|
| 040 |
|
|
|a TXA
|c TXA
|d UtOrBLW
|
| 049 |
|
|
|a TXAZ [Archives] [Only]
|c [A10988249]
|
| 099 |
|
|
|a 1988
|a Thesis
|a J27
|
| 100 |
1 |
|
|a Jama, Abdi Adan,
|d 1954-
|
| 245 |
1 |
0 |
|a Desertification in perspective /
|c by Abdi Adan Jama.
|
| 264 |
|
1 |
|a [Place of publication not identified] :
|b [publisher not identified] ;
|c 1988.
|
| 300 |
|
|
|a vi, 53 leaves ;
|c 28 cm.
|
| 336 |
|
|
|a text
|b txt
|2 rdacontent
|
| 337 |
|
|
|a unmediated
|b n
|2 rdamedia
|
| 338 |
|
|
|a volume
|b nc
|2 rdacarrier
|
| 500 |
|
|
|a Typescript (photocpy).
|
| 502 |
|
|
|b M. Ag.
|c Texas A&M University
|d 1988.
|
| 500 |
|
|
|a Vita.
|
| 504 |
|
|
|a Bibliography: leaves 49-52.
|
| 500 |
|
|
|a "Major subject: Range Science."
|
| 650 |
|
0 |
|a Desertification.
|
| 650 |
|
4 |
|a Major range science.
|
| 999 |
|
|
|a MARS
|
| 999 |
f |
f |
|s 03a30898-c786-3a30-bdea-205b2bda15da
|i 0544243b-bfac-38d3-8833-e425443e4702
|t 0
|
| 952 |
f |
f |
|p noncirc
|a Texas A&M University
|b J.J. Pickle Campus
|c High Density Repository
|d Remote Storage
|t 0
|e 1988 Thesis J27
|h Other scheme
|i unmediated -- volume
|m A14839639095
|
| 998 |
f |
f |
|a 1988 Thesis J27
|t 0
|l Remote Storage
|